ბათუმის შოთა რუსთაველის სახელმწიფო უნივერსიტეტის ბიბლიოთეკა

სტატისტიკა სოციალურ მეცნიერებებში (ბიბ.ჩანაწერი № 49321)

000 -LEADER
fixed length control field 01183nam a2200265Ia 4500
001 - CONTROL NUMBER
control field 16237
003 - CONTROL NUMBER IDENTIFIER
control field GE_BSU
008 - FIXED-LENGTH DATA ELEMENTS--GENERAL INFORMATION
fixed length control field 181216s||||||||xx |||||||||||||| ||und||
020 ## - INTERNATIONAL STANDARD BOOK NUMBER
International Standard Book Number ISBN 978-9941-13-0182
040 ## - CATALOGING SOURCE
Transcribing agency GE_BSU
080 ## - UNIVERSAL DECIMAL CLASSIFICATION NUMBER
Universal Decimal Classification number 3+311
100 ## - MAIN ENTRY--PERSONAL NAME
Personal name კისი, ჰაროლდ
245 ## - TITLE STATEMENT
Title სტატისტიკა სოციალურ მეცნიერებებში
245 ## - TITLE STATEMENT
Statement of responsibility, etc. სამეცნ.რედ:ნინო ჯავახიშვილი,ქეთევან მანჯგალაძე,ენობრივი რედ:ლია კაჭარავა,მთარგმნ.: თეონა ასლანიშვილი და სხვ
250 ## - EDITION STATEMENT
Edition statement მე-3გამოცემა
260 ## - PUBLICATION, DISTRIBUTION, ETC.
Place of publication, distribution, etc. თბილისი
260 ## - PUBLICATION, DISTRIBUTION, ETC.
Name of publisher, distributor, etc. თბილ. უნ-ტის გამ-ბა
260 ## - PUBLICATION, DISTRIBUTION, ETC.
Date of publication, distribution, etc. 2008
300 ## - PHYSICAL DESCRIPTION
Extent 532გვ.ცხ. სურ. 28სმ
300 ## - PHYSICAL DESCRIPTION
Other physical details ბიბლიოგრ.: გვ. 529-532
653 ## - INDEX TERM--UNCONTROLLED
Uncontrolled term სტატისტიკა
653 ## - INDEX TERM--UNCONTROLLED
Uncontrolled term სტატისტიკა; სოციალური მეცნიერებები;
942 ## - ADDED ENTRY ELEMENTS (KOHA)
Koha item type წიგნი
ეგზემპლარები
Withdrawn status Lost status Damaged status Not for loan Date acquired Barcode Date last seen Price effective from Koha item type
        2018-12-17 40211 2018-12-17 2018-12-17 წიგნი
        2018-12-17 40212 2018-12-17 2018-12-17 წიგნი
        2018-12-17 40213 2018-12-17 2018-12-17 წიგნი
        2018-12-17 40214 2018-12-17 2018-12-17 წიგნი
        2018-12-17 40215 2018-12-17 2018-12-17 წიგნი